[Event "German Masters 96th"]
[Site "Munich"]
[Date "2025.05.23"]
[Round "9"]
[White "Kraemer, Martin"]
[Black "Huschenbeth, Niclas"]
[Result "1/2-1/2"]
[WhiteElo "2581"]
[BlackElo "2601"]
[PlyCount "80"]
[EventDate "2025.05.15"]
[EventType "tourn"]
[EventRounds "9"]
[EventCountry "GER"]
[EventCategory "15"]
[SourceTitle "CB22_2025"]
[SourceDate "2025.05.28"]
[SourceVersion "1"]
[SourceVersionDate "2025.05.28"]
[SourceQuality "1"]

1. e4 e5 2. Nf3 Nc6 3. Nc3 Nf6 4. Bb5 Bb4 5. 0-0 0-0 6. d3 Bxc3 7. bxc3 d6 8. Bxc6 bxc6 9. Nd2 Nd7 10. c4 f5 11. exf5 Rxf5 12. Ne4 Qh4 13. Be3 Nf6 14. Nxf6+ Qxf6 15. f3 c5 16. Rb1 Bd7 17. Qd2 Bc6 18. Qa5 Qf7 19. Qa6 Qd7 20. c3 h6 21. d4 exd4 22. cxd4 cxd4 23. Bxd4 Raf8 24. Qa3 Qf7 25. Qd3 a5 26. Rbe1 Rf4 27. Qc3 a4 28. c5 Qg6 29. Re7 Rxf3 30. Rxf3 Rxf3 31. Rxg7+ Qxg7 32. Bxg7 Rxc3 33. Bxc3 dxc5 34. Kf2 a3 35. Bd2 h5 36. Bc1 Bd5 37. Bxa3 Bxa2 38. Bxc5 Kf7 39. Ke3 Bd5 40. g3 Kg6 1/2-1/2

[Event "German Masters 96th"]
[Site "Munich"]
[Date "2025.05.17"]
[Round "3"]
[White "Donchenko, Alexander"]
[Black "Huschenbeth, Niclas"]
[Result "1/2-1/2"]
[WhiteElo "2615"]
[BlackElo "2601"]
[PlyCount "80"]
[EventDate "2025.05.15"]
[EventType "tourn"]
[EventRounds "9"]
[EventCountry "GER"]
[EventCategory "15"]
[SourceTitle "CB22_2025"]
[SourceDate "2025.05.28"]
[SourceVersion "1"]
[SourceVersionDate "2025.05.28"]
[SourceQuality "1"]

1. e4 e5 2. Nf3 Nf6 3. Nxe5 d6 4. Nf3 Nxe4 5. d4 d5 6. Bd3 Bd6 7. 0-0 0-0 8. c4 c6 9. Re1 Bf5 10. Qb3 Na6 11. cxd5 cxd5 12. Nc3 Nb4 13. Bxe4 dxe4 14. Bg5 Qd7 15. Nxe4 Be6 16. Qa3 f6 17. Bd2 a5 18. Nxd6 Qxd6 19. Bxb4 axb4 20. Qd3 Bf7 21. Nh4 g6 22. Nf3 Rfd8 23. h3 Ra5 24. a3 bxa3 25. Rxa3 Rxa3 26. bxa3 Ra8 27. Re3 Ra4 28. Qc3 b6 29. Rd3 Kg7 30. Nd2 Bd5 31. Qb2 h5 32. Nb1 Be4 33. Nc3 Qxa3 34. Nxa4 Qxd3 35. Nxb6 Bc6 36. f3 h4 37. d5 Bxd5 38. Nxd5 Qxd5 39. Qb4 g5 40. Qe7+ Kg6 1/2-1/2

[Event "German Masters 96th"]
[Site "Munich"]
[Date "2025.05.15"]
[Round "1"]
[White "Svane, Rasmus"]
[Black "Huschenbeth, Niclas"]
[Result "1-0"]
[WhiteElo "2629"]
[BlackElo "2601"]
[PlyCount "153"]
[EventDate "2025.05.15"]
[EventType "tourn"]
[EventRounds "9"]
[EventCountry "GER"]
[EventCategory "15"]
[SourceTitle "CB22_2025"]
[SourceDate "2025.05.28"]
[SourceVersion "1"]
[SourceVersionDate "2025.05.28"]
[SourceQuality "1"]

1. d4 d5 2. c4 c5 3. cxd5 Nf6 4. Nc3 Nxd5 5. Nf3 cxd4 6. Qxd4 Nxc3 7. Qxc3 Nc6 8. e4 Bd7 9. Be2 e5 10. 0-0 Bb4 11. Qb3 Be6 12. Bc4 Bxc4 13. Qxc4 Qe7 14. Be3 0-0 15. a3 Bd6 16. Rfd1 h6 17. Rd5 Rac8 18. Qb3 Rfd8 19. Rad1 b6 20. h3 Kh7 21. Qb5 Bc5 22. b4 Nd4 23. Bxd4 Bxd4 24. Nxd4 exd4 25. Qd3 Rxd5 26. exd5+ g6 27. Qxd4 Qd6 28. g3 a6 29. Rd3 Rd8 30. Qc4 a5 31. bxa5 bxa5 32. Qb5 Qc7 33. d6 Rxd6 34. Rxd6 Qxd6 35. Qxa5 Qd1+ 36. Kg2 Qd4 37. Qa8 h5 38. h4 Kg7 39. a4 g5 40. hxg5 h4 41. Qc6 Kg8 42. Qa8+ Kg7 43. Qc6 Kg8 44. g6 Kg7 45. gxf7 hxg3 46. Qf3 Kf8 47. Qa3+ Kxf7 48. Qf3+ Kg7 49. Qxg3+ Kh8 50. Kh3 Qd7+ 51. Qg4 Qd3+ 52. Kg2 Qd5+ 53. Kh2 Qd6+ 54. Qg3 Qc5 55. Qf4 Qh5+ 56. Kg3 Qg6+ 57. Kh3 Qd3+ 58. Kh2 Qh7+ 59. Kg3 Qg6+ 60. Qg4 Qd6+ 61. Kh3 Qd3+ 62. Kg2 Qd5+ 63. Kg1 Qc5 64. Qh3+ Kg8 65. Qb3+ Kh8 66. Qb5 Qc1+ 67. Kg2 Qf4 68. Qh5+ Kg7 69. a5 Qc4 70. Qe5+ Kh7 71. Qe7+ Kg8 72. Qd8+ Kf7 73. Qd7+ Kg8 74. Qd6 Qe4+ 75. Kg3 Kh8 76. Qh6+ Kg8 77. Qg5+ 1-0

[Event "Titled Tuesday intern op 06th May Early"]
[Site "Chess.com INT"]
[Date "2025.05.06"]
[Round "9"]
[White "Huschenbeth, Niclas"]
[Black "Vetoshko, Volodymyr"]
[Result "0-1"]
[WhiteElo "2601"]
[BlackElo "2517"]
[PlyCount "86"]
[EventDate "2025.05.06"]
[EventType "swiss (blitz)"]
[EventRounds "11"]
[EventCountry "USA"]
[SourceTitle "CB20_2025"]
[SourceDate "2025.05.14"]
[SourceVersion "1"]
[SourceVersionDate "2025.05.14"]
[SourceQuality "1"]

1. e4 c6 2. d4 d5 3. e5 c5 4. c3 Nc6 5. Be2 Bf5 6. Nf3 e6 7. 0-0 cxd4 8. Nxd4 Nxd4 9. cxd4 Ne7 10. Nc3 Nc6 11. g4 Bg6 12. f4 Qb6 13. Be3 f5 14. exf6 0-0-0 15. Rc1 Kb8 16. Na4 Qa5 17. Nc5 gxf6 18. Nxe6 Re8 19. f5 Bf7 20. Bf4+ Kc8 21. Bd3 Bxe6 22. fxe6 Be7 23. Qe2 Qb6 24. Qf2 h5 25. h3 hxg4 26. hxg4 Reg8 27. Bf5 Kd8 28. Rc3 Rh5 29. Bd3 Rxg4+ 30. Bg3 Qxd4 31. Qxd4 Nxd4 32. Kf2 Rhg5 33. Rg1 Ke8 34. Rc8+ Bd8 35. Bc7 Nxe6 36. Rxd8+ Nxd8 37. Rxg4 Rxg4 38. Bd6 Rg5 39. Ke3 Nf7 40. Bf4 Re5+ 41. Kd2 Ke7 42. Bg6 Nd6 43. Be3 Nc4+ 0-1

[Event "Titled Tuesday intern op 06th May Early"]
[Site "Chess.com INT"]
[Date "2025.05.06"]
[Round "4"]
[White "Tokarz, Izabela"]
[Black "Huschenbeth, Niclas"]
[Result "0-1"]
[WhiteElo "2055"]
[BlackElo "2601"]
[PlyCount "48"]
[EventDate "2025.05.06"]
[EventType "swiss (blitz)"]
[EventRounds "11"]
[EventCountry "USA"]
[SourceTitle "CB20_2025"]
[SourceDate "2025.05.14"]
[SourceVersion "1"]
[SourceVersionDate "2025.05.14"]
[SourceQuality "1"]

1. d4 Nf6 2. c4 e6 3. Nf3 d5 4. Nc3 dxc4 5. Qa4+ c6 6. Qxc4 b5 7. Qd3 a6 8. e4 c5 9. e5 c4 10. Qc2 Nd5 11. Nxd5 Qxd5 12. g3 Qxf3 13. Rg1 Bb4+ 14. Bd2 Bxd2+ 15. Qxd2 Qe4+ 16. Kd1 Bb7 17. Bg2 Qg4+ 18. Kc1 Bxg2 19. Rxg2 Nc6 20. f4 Rd8 21. a4 Nxd4 22. Kb1 Nb3 23. Qb4 Qd1+ 24. Ka2 Qxa1# 0-1

[Event "EU-ch 25th"]
[Site "Eforie Nord"]
[Date "2025.03.18"]
[Round "4"]
[White "Huschenbeth, Niclas"]
[Black "Maksimovic, Bojan"]
[Result "1/2-1/2"]
[WhiteElo "2589"]
[BlackElo "2505"]
[PlyCount "55"]
[EventDate "2025.03.15"]
[EventType "swiss"]
[EventRounds "11"]
[EventCountry "ROU"]
[SourceTitle "CB13_2025"]
[SourceDate "2025.03.26"]
[SourceVersion "1"]
[SourceVersionDate "2025.03.26"]
[SourceQuality "1"]

1. e4 e6 2. d4 d5 3. Nc3 Bb4 4. e5 c5 5. a3 Bxc3+ 6. bxc3 Nc6 7. Qg4 g6 8. h4 h6 9. a4 Qa5 10. Bd2 Bd7 11. Qf4 c4 12. Nf3 Rh7 13. Nh2 0-0-0 14. Ng4 f5 15. exf6 Rf8 16. Be2 Qd8 17. 0-0 Nxf6 18. Nxf6 Rxf6 19. Qh2 Qc7 20. Qxc7+ Kxc7 21. a5 a6 22. Bg4 e5 23. Bxd7 Kxd7 24. dxe5 Nxe5 25. Rab1 Kc7 26. Rfe1 Nc6 27. Be3 Nxa5 28. Bd4 1/2-1/2

[Event "EU-ch 25th"]
[Site "Eforie Nord"]
[Date "2025.03.16"]
[Round "2"]
[White "Huschenbeth, Niclas"]
[Black "Talibov, Shiroghlan"]
[Result "1-0"]
[WhiteElo "2589"]
[BlackElo "2428"]
[PlyCount "63"]
[EventDate "2025.03.15"]
[EventType "swiss"]
[EventRounds "11"]
[EventCountry "ROU"]
[SourceTitle "CB13_2025"]
[SourceDate "2025.03.26"]
[SourceVersion "1"]
[SourceVersionDate "2025.03.26"]
[SourceQuality "1"]

1. e4 c5 2. Nf3 d6 3. d4 cxd4 4. Nxd4 Nf6 5. Nc3 a6 6. Bg5 e6 7. Qf3 Nbd7 8. 0-0-0 Qc7 9. Kb1 Be7 10. g4 b5 11. Bxf6 Nxf6 12. g5 Nd7 13. a3 Rb8 14. h4 0-0 15. Qe3 Qc5 16. f4 Nb6 17. Rh3 g6 18. e5 dxe5 19. fxe5 Rd8 20. h5 Rb7 21. Qf4 Nd5 22. Nxd5 Qxd5 23. Be2 Qg2 24. Rg3 Qh2 25. Bf3 Rbd7 26. c3 Bc5 27. Rd2 Qxd2 28. Qxd2 Bxd4 29. cxd4 Rxd4 30. Qa5 gxh5 31. Bxh5 Bb7 32. Bf3 1-0

[Event "EU-ch 25th"]
[Site "Eforie Nord"]
[Date "2025.03.15"]
[Round "1"]
[White "Nastase, Robert Paul"]
[Black "Huschenbeth, Niclas"]
[Result "0-1"]
[WhiteElo "2273"]
[BlackElo "2589"]
[PlyCount "74"]
[EventDate "2025.03.15"]
[EventType "swiss"]
[EventRounds "11"]
[EventCountry "ROU"]
[SourceTitle "CB13_2025"]
[SourceDate "2025.03.26"]
[SourceVersion "1"]
[SourceVersionDate "2025.03.26"]
[SourceQuality "1"]

1. e4 c5 2. Nc3 d6 3. d4 cxd4 4. Qxd4 Nc6 5. Qd2 g6 6. b3 Bh6 7. f4 Nf6 8. Bb2 0-0 9. 0-0-0 a5 10. a4 Nb4 11. Kb1 Qb6 12. Nf3 Bg4 13. Be2 Rac8 14. h3 Bd7 15. Nd4 e5 16. Ndb5 d5 17. exd5 Bxf4 18. Qe1 Bf5 19. Na3 Rxc3 20. Qxc3 Nbxd5 21. Rxd5 Nxd5 22. Qf3 Qc5 23. g3 e4 24. Qg2 Bd2 25. g4 Be6 26. Nb5 Ne3 27. Qxe4 Bd5 28. Qd3 Bxh1 29. Qxd2 Be4 30. Bd3 Bxd3 31. Qxd3 Nd5 32. Nd4 Re8 33. Qd2 Qb4 34. c3 Qe7 35. Nc2 Qe4 36. Ka1 Nf4 37. c4 Nd3 0-1

[Event "Titled Tuesday intern op 04th Mar Early"]
[Site "Chess.com INT"]
[Date "2025.03.04"]
[Round "10"]
[White "Hiwale, Ronak"]
[Black "Huschenbeth, Niclas"]
[Result "0-1"]
[WhiteElo "2093"]
[BlackElo "2589"]
[PlyCount "116"]
[EventDate "2025.03.04"]
[EventType "swiss (blitz)"]
[EventRounds "11"]
[EventCountry "USA"]
[SourceTitle "CB11_2025"]
[SourceDate "2025.03.12"]
[SourceVersion "1"]
[SourceVersionDate "2025.03.12"]
[SourceQuality "1"]

1. Nf3 Nf6 2. g3 g6 3. Bg2 Bg7 4. 0-0 0-0 5. d4 d5 6. c4 dxc4 7. Nc3 Nbd7 8. Nd2 Nb6 9. e3 e5 10. dxe5 Ng4 11. a4 a5 12. Qe2 Nxe5 13. Rd1 Bg4 14. f3 Be6 15. Nde4 Nd3 16. Nc5 Nxc5 17. Rxd8 Raxd8 18. Bd2 Rd3 19. Be1 Rfd8 20. Bf1 Rxe3 21. Qg2 Nd3 22. Bd2 Re5 23. Bxd3 cxd3 24. Bf4 Rc5 25. Rd1 Nc4 26. Ne4 Bd4+ 27. Kh1 Nxb2 28. Nxc5 Nxd1 29. Nxe6 Nf2+ 30. Qxf2 Bxf2 31. Nxd8 Be1 32. Nxb7 d2 33. Bxd2 Bxd2 34. Kg2 Bb4 35. Kf2 Kf8 36. Nd8 Ke8 37. Nc6 Kd7 38. Ne5+ Ke6 39. Nd3 Kd5 40. Ke3 Bc5+ 41. Kd2 Bd4 42. Nf4+ Kc4 43. Ne2 Be5 44. f4 Bf6 45. g4 Kb4 46. Kd3 c5 47. g5 c4+ 48. Kc2 Bg7 49. Ng3 Kxa4 50. Ne4 Kb4 51. Nd6 a4 52. Nxf7 a3 53. Ne5 Bxe5 54. fxe5 Kc5 55. Kb1 c3 56. Ka2 c2 57. e6 c1Q 58. e7 Qb2# 0-1

[Event "Titled Tuesday intern op 04th Mar Early"]
[Site "Chess.com INT"]
[Date "2025.03.04"]
[Round "4"]
[White "Lagarde, Maxime"]
[Black "Huschenbeth, Niclas"]
[Result "1-0"]
[WhiteElo "2615"]
[BlackElo "2589"]
[PlyCount "75"]
[EventDate "2025.03.04"]
[EventType "swiss (blitz)"]
[EventRounds "11"]
[EventCountry "USA"]
[SourceTitle "CB11_2025"]
[SourceDate "2025.03.12"]
[SourceVersion "1"]
[SourceVersionDate "2025.03.12"]
[SourceQuality "1"]

1. d4 Nf6 2. Nc3 d5 3. Bf4 c5 4. e3 cxd4 5. exd4 a6 6. Bd3 Bg4 7. Nce2 Nc6 8. c3 e6 9. f3 Bh5 10. Nh3 Bg6 11. 0-0 Bd6 12. Bxd6 Qxd6 13. Nhf4 Bxd3 14. Nxd3 0-0 15. Qd2 Rac8 16. Rae1 Na5 17. Ng3 Nc4 18. Qg5 h6 19. Qh4 Rfe8 20. f4 Qb6 21. Re2 Ne4 22. Nxe4 dxe4 23. Ne5 f5 24. Qh5 Nxe5 25. fxe5 Rf8 26. g4 Qb5 27. gxf5 exf5 28. Rxf5 Rxf5 29. Qxf5 Qxe2 30. Qxc8+ Kh7 31. Qf5+ Kg8 32. e6 Qd1+ 33. Kg2 e3 34. Qf7+ Kh7 35. Qf5+ Kg8 36. e7 Qe2+ 37. Kh3 Qb5 38. Qxb5 1-0

[Event "Titled Tuesday intern op 25th Feb Early"]
[Site "Chess.com INT"]
[Date "2025.02.25"]
[Round "1"]
[White "Huschenbeth, Niclas"]
[Black "Levitan, Judah Nathan"]
[Result "0-1"]
[WhiteElo "2593"]
[BlackElo "2010"]
[PlyCount "42"]
[EventDate "2025.02.25"]
[EventType "swiss (blitz)"]
[EventRounds "11"]
[EventCountry "USA"]
[SourceTitle "CB10_2025"]
[SourceDate "2025.03.05"]
[SourceVersion "1"]
[SourceVersionDate "2025.03.05"]
[SourceQuality "1"]

1. e4 c5 2. Nf3 g6 3. d4 cxd4 4. Qxd4 Nf6 5. e5 Nc6 6. Qa4 Nd5 7. Qe4 Nb6 8. Nc3 Bg7 9. Bf4 0-0 10. 0-0-0 d5 11. exd6 Bf5 12. Qe3 Re8 13. Bg5 h6 14. dxe7 Qc8 15. Bxh6 Rxe7 16. Qf4 Bxc3 17. bxc3 Qe6 18. Kb2 Na5 19. Bd3 Nbc4+ 20. Ka1 Qf6 21. Bxf5 Qxc3+ 0-1

[Event "Titled Tuesday intern op 28th Jan Early"]
[Site "Chess.com INT"]
[Date "2025.01.28"]
[Round "3"]
[White "Huschenbeth, Niclas"]
[Black "Bach, Ngoc Thuy Duong"]
[Result "0-1"]
[WhiteElo "2596"]
[BlackElo "2211"]
[PlyCount "64"]
[EventDate "2025.01.28"]
[EventType "swiss (blitz)"]
[EventRounds "11"]
[EventCountry "USA"]
[SourceTitle "CB06_2025"]
[SourceDate "2025.02.05"]
[SourceVersion "1"]
[SourceVersionDate "2025.02.05"]
[SourceQuality "1"]

1. e4 c5 2. Nf3 d6 3. d4 cxd4 4. Nxd4 Nf6 5. Nc3 a6 6. Bg5 e6 7. f4 Nbd7 8. Qe2 Qc7 9. 0-0-0 Be7 10. g3 b5 11. Bg2 Bb7 12. e5 dxe5 13. fxe5 Nd5 14. Bxe7 Nxe7 15. Ndxb5 axb5 16. Nxb5 Qb6 17. Bxb7 Rxa2 18. Kb1 Qa5 19. Nd6+ Kf8 20. c3 Qa4 21. Kc1 Ng6 22. Nc4 Ke7 23. Qd3 Ra1+ 24. Kd2 Rxd1+ 25. Rxd1 Rd8 26. Ke2 Ke8 27. Nd6+ Kf8 28. Nc4 Qb5 29. Bf3 Ngxe5 30. Nxe5 Qxd3+ 31. Kf2 Qxd1 32. Bxd1 Nxe5 0-1

[Event "Titled Tuesday intern op 28th Jan Early"]
[Site "Chess.com INT"]
[Date "2025.01.28"]
[Round "8"]
[White "Huschenbeth, Niclas"]
[Black "Sobek, Jaroslav"]
[Result "1-0"]
[WhiteElo "2596"]
[BlackElo "2197"]
[PlyCount "41"]
[EventDate "2025.01.28"]
[EventType "swiss (blitz)"]
[EventRounds "11"]
[EventCountry "USA"]
[SourceTitle "CB06_2025"]
[SourceDate "2025.02.05"]
[SourceVersion "1"]
[SourceVersionDate "2025.02.05"]
[SourceQuality "1"]

1. e4 c5 2. Nf3 d6 3. d4 cxd4 4. Nxd4 Nf6 5. Nc3 a6 6. Bg5 Nbd7 7. Bc4 Qc7 8. Qe2 b5 9. Bd5 Nxd5 10. Nxd5 Qb7 11. 0-0-0 h6 12. Bxe7 Bxe7 13. Nf5 Bg5+ 14. f4 Bxf4+ 15. Nxf4 0-0 16. Rxd6 Ne5 17. Qh5 Bxf5 18. Qxf5 Nc4 19. Rd7 Qb6 20. Nd5 Qd4 21. Ne7+ 1-0

[Event "Titled Tuesday intern op 28th Jan Early"]
[Site "Chess.com INT"]
[Date "2025.01.28"]
[Round "4"]
[White "Marchesich, Giovanni"]
[Black "Huschenbeth, Niclas"]
[Result "1-0"]
[WhiteElo "2220"]
[BlackElo "2596"]
[PlyCount "43"]
[EventDate "2025.01.28"]
[EventType "swiss (blitz)"]
[EventRounds "11"]
[EventCountry "USA"]
[SourceTitle "CB06_2025"]
[SourceDate "2025.02.05"]
[SourceVersion "1"]
[SourceVersionDate "2025.02.05"]
[SourceQuality "1"]

1. d4 Nf6 2. Nc3 e6 3. e4 d5 4. Bg5 dxe4 5. Nxe4 Be7 6. Bxf6 gxf6 7. g3 f5 8. Nc3 Nc6 9. Nf3 Bf6 10. Bb5 a6 11. Bxc6+ bxc6 12. Ne5 Bb7 13. Qh5 0-0 14. 0-0-0 c5 15. dxc5 Bxh1 16. Rxd8 Raxd8 17. f4 Rd4 18. Ne2 Bxe5 19. fxe5 Rg4 20. Qh6 Rd8 21. Qe3 Re4 22. Qg5+ 1-0

[Event "Titled Tuesday intern op 28th Jan Early"]
[Site "Chess.com INT"]
[Date "2025.01.28"]
[Round "7"]
[White "Tran, Le Vy"]
[Black "Huschenbeth, Niclas"]
[Result "1-0"]
[WhiteElo "1900"]
[BlackElo "2596"]
[PlyCount "85"]
[EventDate "2025.01.28"]
[EventType "swiss (blitz)"]
[EventRounds "11"]
[EventCountry "USA"]
[SourceTitle "CB06_2025"]
[SourceDate "2025.02.05"]
[SourceVersion "1"]
[SourceVersionDate "2025.02.05"]
[SourceQuality "1"]

1. e4 c5 2. Nf3 d6 3. c3 Nf6 4. Bd3 Nc6 5. Bc2 Bg4 6. d3 e6 7. Nbd2 Be7 8. 0-0 0-0 9. Re1 b5 10. h3 Bh5 11. Nf1 a5 12. Ng3 Bg6 13. Be3 d5 14. e5 Nd7 15. d4 b4 16. Bxg6 fxg6 17. c4 dxc4 18. d5 Ncxe5 19. Nxe5 Nxe5 20. dxe6 Nd3 21. Re2 Qd5 22. Qc2 b3 23. axb3 cxb3 24. Qd2 c4 25. Kh2 Bb4 26. Qd1 Rfe8 27. Bd2 Nxb2 28. Qe1 Nd3 29. Qd1 c3 30. Bxc3 Bxc3 31. Rb1 a4 32. Re3 Rad8 33. Ne2 Be5+ 34. g3 Nxf2 35. Qf1 Ne4 36. Nf4 Qd2+ 37. Re2 Qb4 38. Rbe1 Bxf4 39. Qxf4 b2 40. Rb1 Rd2 41. Qf7+ Kh8 42. Qxe8+ Qf8 43. Qxf8# 1-0

[Event "Titled Tuesday intern op 14th Jan Early"]
[Site "Chess.com INT"]
[Date "2025.01.14"]
[Round "6"]
[White "Vasli, Aref"]
[Black "Huschenbeth, Niclas"]
[Result "1-0"]
[WhiteElo "2401"]
[BlackElo "2596"]
[PlyCount "61"]
[EventDate "2025.01.14"]
[EventType "swiss (blitz)"]
[EventRounds "11"]
[EventCountry "USA"]
[SourceTitle "CB04_2025"]
[SourceDate "2025.01.22"]
[SourceVersion "1"]
[SourceVersionDate "2025.01.22"]
[SourceQuality "1"]

1. e4 c5 2. Nf3 d6 3. Bb5+ Nd7 4. Ba4 Ngf6 5. 0-0 e6 6. Re1 Be7 7. c3 0-0 8. d4 cxd4 9. cxd4 a6 10. e5 dxe5 11. dxe5 Nd5 12. Bc2 Nb4 13. Nc3 Nc5 14. Be3 Nxc2 15. Qxc2 Qd3 16. Rac1 Qxc2 17. Rxc2 Bd7 18. Rd1 Rfd8 19. Rcd2 b5 20. Bxc5 Bxc5 21. Rxd7 Rdc8 22. Ne4 Bf8 23. Nfg5 Rc4 24. b3 Rb4 25. f3 Rc8 26. Nxf7 h6 27. Nxh6+ Kh7 28. Nf7 Rc2 29. Nfg5+ Kg6 30. Nxe6 Bc5+ 31. N6xc5 1-0

[Event "Bundesliga 2425"]
[Site "Germany"]
[Date "2025.01.12"]
[Round "6.5"]
[White "Huschenbeth, Niclas"]
[Black "Stevic, Hrvoje"]
[Result "1/2-1/2"]
[WhiteElo "2600"]
[BlackElo "2531"]
[PlyCount "89"]
[EventDate "2024.09.28"]
[EventType "team-tourn"]
[EventRounds "15"]
[EventCountry "GER"]
[SourceTitle "CB06_2025"]
[SourceDate "2025.02.05"]
[SourceVersion "1"]
[SourceVersionDate "2025.02.05"]
[SourceQuality "1"]
[WhiteTeam "Hamburger SK"]
[BlackTeam "Kirchweyhe"]
[WhiteTeamCountry "GER"]
[BlackTeamCountry "GER"]

1. e4 e5 2. Nf3 Nc6 3. Bb5 a6 4. Ba4 Nf6 5. 0-0 Nxe4 6. d4 b5 7. Bb3 d5 8. dxe5 Be6 9. c3 Be7 10. Nbd2 Nc5 11. Nd4 Nxe5 12. Bc2 Qd6 13. N2b3 Bg4 14. f3 Nxb3 15. Nxb3 Bd7 16. Be3 0-0 17. Bc5 Qe6 18. Bxe7 Qxe7 19. Qxd5 Bc6 20. Qc5 Qxc5+ 21. Nxc5 a5 22. a4 bxa4 23. Bxa4 Rfb8 24. Rfe1 Bxa4 25. Rxa4 Ng6 26. b3 h6 27. Rea1 Rd8 28. b4 Nf4 29. bxa5 Ne2+ 30. Kf2 Nxc3 31. Rc4 Nb5 32. a6 Rd2+ 33. Kg3 Ra7 34. Rb4 c6 35. Rc4 Nd6 36. Rc3 Nb5 37. Rcc1 Rd5 38. Ne4 Nd4 39. Rcb1 Rb5 40. Rxb5 cxb5 41. Rd1 Ne6 42. Rd6 b4 43. Rb6 b3 44. Nd6 Nc5 45. Ne4 1/2-1/2

[Event "Titled Tuesday intern op 07th Jan Early"]
[Site "Chess.com INT"]
[Date "2025.01.07"]
[Round "5"]
[White "Barwinska, Ewa"]
[Black "Huschenbeth, Niclas"]
[Result "0-1"]
[WhiteElo "2021"]
[BlackElo "2596"]
[PlyCount "34"]
[EventDate "2025.01.07"]
[EventType "swiss (blitz)"]
[EventRounds "11"]
[EventCountry "USA"]
[SourceTitle "CB03_2025"]
[SourceDate "2025.01.15"]
[SourceVersion "1"]
[SourceVersionDate "2025.01.15"]
[SourceQuality "1"]

1. e4 c5 2. Nf3 d6 3. d4 cxd4 4. Nxd4 Nf6 5. Nc3 a6 6. Bg5 Nbd7 7. Be2 e6 8. 0-0 Qc7 9. Qd2 b5 10. f3 Bb7 11. Nd1 Be7 12. Ne3 Nxe4 13. fxe4 Bxg5 14. Nf3 Bh6 15. Qd4 e5 16. Qd3 Qb6 17. Kf2 Nc5 0-1

[Event "Titled Tuesday intern op 07th Jan Early"]
[Site "Chess.com INT"]
[Date "2025.01.07"]
[Round "6"]
[White "Huschenbeth, Niclas"]
[Black "Pavlidou, Ekaterini"]
[Result "1-0"]
[WhiteElo "2596"]
[BlackElo "2160"]
[PlyCount "87"]
[EventDate "2025.01.07"]
[EventType "swiss (blitz)"]
[EventRounds "11"]
[EventCountry "USA"]
[SourceTitle "CB03_2025"]
[SourceDate "2025.01.15"]
[SourceVersion "1"]
[SourceVersionDate "2025.01.15"]
[SourceQuality "1"]

1. e4 c5 2. Nf3 Nc6 3. d4 cxd4 4. c3 d3 5. Bxd3 g6 6. c4 Bg7 7. Nc3 d6 8. 0-0 Bg4 9. h3 Bxf3 10. Qxf3 Nd4 11. Qd1 Nf6 12. Be3 Nd7 13. Ne2 e5 14. Nc3 Nc5 15. Nd5 0-0 16. Bxd4 exd4 17. b4 Ne6 18. f4 a5 19. f5 Nc7 20. f6 Bh6 21. Ne7+ Kh8 22. b5 Re8 23. Qg4 Bf8 24. b6 Ne6 25. Nd5 Nc5 26. Rad1 Re5 27. Bb1 a4 28. Rxd4 a3 29. Kh1 Ra4 30. Bc2 Rb4 31. Nxb4 Qxb6 32. Rb1 Ne6 33. Rd5 h5 34. Qd1 Qe3 35. Rxe5 dxe5 36. Nd5 Qf2 37. Rxb7 Bc5 38. Rb1 Nd4 39. Bd3 Kh7 40. Qc1 Qxa2 41. Rb8 Ne2 42. Rh8+ Kxh8 43. Qh6+ Kg8 44. Qg7# 1-0